[Event "France-ch U10"]
[Site "Reims"]
[Date "2004.04.18"]
[Round "1"]
[White "Ider, Borya"]
[Black "Balzan, Juan"]
[Result "1-0"]
[WhiteElo "1810"]
[BlackElo "1390"]
[PlyCount "71"]
[EventDate "2004.04.??"]
[EventType "swiss"]
[EventRounds "9"]
[EventCountry "FRA"]
[SourceTitle "EXT 2005"]
[Source "ChessBase"]
[SourceDate "2004.11.15"]
[SourceVersion "1"]
[SourceVersionDate "2004.11.15"]
[SourceQuality "1"]

1. d4 d5 2. Nf3 Nf6 3. e3 a6 4. Bd3 Nc6 5. b3 Bg4 6. h3 Bh5 7. Bb2 e6 8. Nbd2 Bb4 9. a3 Bd6 10. 0-0 0-0 11. Be2 Re8 12. Ne5 Bxe2 13. Qxe2 Qe7 14. f4 Nd8 15. Rf3 b5 16. Rg3 b4 17. a4 c5 18. dxc5 Bxc5 19. Nd7 Ba7 20. Nxf6+ Kf8 21. Nxh7+ Kg8 22. Rxg7+ Kh8 23. Rxf7+ e5 24. Bxe5+ Qxe5 25. fxe5 Nxf7 26. Nf6 Rxe5 27. Kh1 d4 28. Nc4 Re6 29. Qh5+ Kg7 30. Qh7+ Kxf6 31. Rf1+ Ke7 32. Rxf7+ Kd8 33. Qg8+ Re8 34. Qg5+ Kc8 35. Qf5+ Kb8 36. Qd7 1-0